Soil ecology (Record no. 1440)

MARC details
000 -LEADER
fixed length control field 00780 a2200217 4500
010 ## - LIBRARY OF CONGRESS CONTROL NUMBER
LC control number ENG-85135
020 ## - INTERNATIONAL STANDARD BOOK NUMBER
International Standard Book Number 81313019907
Terms of availability 495.00
035 ## - SYSTEM CONTROL NUMBER
System control number EN-68668
037 ## - SOURCE OF ACQUISITION
Source of stock number/acquisition D.B.Act / Pub
082 14 - DEWEY DECIMAL CLASSIFICATION NUMBER
Classification number 631.4
090 ## - LOCALLY ASSIGNED LC-TYPE CALL NUMBER (OCLC); LOCAL CALL NUMBER (OCLC)
-- 1456
-- 1456
100 1# - MAIN ENTRY--PERSONAL NAME
Personal name Yadav, Surendra Kumar
245 1# - TITLE STATEMENT
Title Soil ecology
Statement of responsibility, etc by Surendra Kumar Yadav
Remainder of title remote sensing and geographic information system in management
260 ## - PUBLICATION, DISTRIBUTION, ETC. (IMPRINT)
Place of publication, distribution, etc New Delhi
Name of publisher, distributor, etc APH Publishing Corporatioon
Date of publication, distribution, etc 2007
270 ## - ADDRESS
Address 5, Ansari Road, Darya Ganj
City New Delhi
Postal code 110 002
Electronic mail address aphbooks@vsnl.net
Telephone number 011 23274050
300 ## - PHYSICAL DESCRIPTION
Extent viii, 194p.
Other physical details 22cm. (Hb)
500 ## - GENERAL NOTE
General note includes bibliographical refrence
710 ## - ADDED ENTRY--CORPORATE NAME
Corporate name or jurisdiction name as entry element .
942 ## - ADDED ENTRY ELEMENTS (KOHA)
Institution code [OBSOLETE] dpl
Koha item type English Books
Call number prefix 631.4 / YAD
Holdings
Withdrawn status Lost status Source of classification or shelving scheme Damaged status Not for loan Collection code Home library Current library Source of acquisition Cost, normal purchase price Total Checkouts Full call number Barcode Date last seen Copy number Uniform Resource Identifier Cost, replacement price Price effective from Koha item type
    Dewey Decimal Classification   Not For Loan Non-fiction D.B.Act.Division D.B.Act.Division DBAD/PUB 495.00   631.4 YAD EN-68668 15/09/2008 1 1513 495.00 15/09/2008 English Books

© Delhi Public Library
Hit Counter
free hit counter